000 00688nam a22002297a 4500
003 UA-OsUOA
001 94367
007 ta
008 20130208b un ||||| |||| 00| 0 ukr d
100 _aГоголь Н В.
090 _a821.161.1
_bГ58
942 _cBK
040 _aUA-OsUOA
_brus
_cUA-OsUOA
_dUA-OsUOA
245 _aСобрание сочинений в тридцати томах
_b5
_cповести , рассказы, очерки, стихи 1900-1906
300 _a492 с.
955 _a3
041 _arus
080 _a821.161.1
260 _aМ.
_bГИХЛ
_c1950
650 7 _a82 Література. Літературознавство
_2UDC
999 _c380610
_d380610